Analýza základných determinantov primeranosti vlastných zdrojov bánk diplomová práca

Enregistré dans:
Détails bibliographiques
Auteur principal: Hudáková, Zuzana
Collectivité auteur: Národohospodárska fakulta EU. Katedra bankovníctva a medzinárodných financií
Autres auteurs: Belás, Jaroslav
Format: Livre
Langue:slovaque
Publié: Bratislava 2011
Tags: Ajouter un tag
Pas de tags, Soyez le premier à ajouter un tag!

MARC

LEADER 00000nbm a2200000 4500
001 0130686
005 20230113084045.3
041 0 |a slo 
044 |a SK 
245 1 0 |a Analýza základných determinantov primeranosti vlastných zdrojov bánk  |b diplomová práca  |c Zuzana Hudáková ; školiteľ: Jaroslav Belás 
264 1 |a Bratislava  |c 2011 
300 |a 56 s. 
100 1 |a Hudáková, Zuzana 
700 1 |a Belás, Jaroslav 
710 2 |a Národohospodárska fakulta EU. Katedra bankovníctva a medzinárodných financií